Peranan ibu bapa, penjaga dan guru (Record no. 88199)

MARC details
000 -LEADER
fixed length control field 00810nam a2200277 i 4500
001 - CONTROL NUMBER
control field C2-0281903
003 - CONTROL NUMBER IDENTIFIER
control field PPAK
005 - DATE AND TIME OF LATEST TRANSACTION
control field 20180728012400.0
008 - FIXED-LENGTH DATA ELEMENTS--GENERAL INFORMATION
fixed length control field 070917s2007 my a|||| ||||| | may d
020 ## - INTERNATIONAL STANDARD BOOK NUMBER
International Standard Book Number 9789833290093
040 ## - CATALOGING SOURCE
Original cataloging agency PPAK
Language of cataloging eng
Transcribing agency PPAK
Description conventions rda
082 04 - DEWEY DECIMAL CLASSIFICATION NUMBER
Classification number 899.233
Edition number 23
090 00 - LOCALLY ASSIGNED LC-TYPE CALL NUMBER (OCLC); LOCAL CALL NUMBER (RLIN)
Classification number (OCLC) (R) ; Classification number, CALL (RLIN) (NR) 899.233
Feature heading RAM
Feature heading K
100 0# - MAIN ENTRY--PERSONAL NAME
Personal name Ramlan Salleh,
Relator term author
245 10 - TITLE STATEMENT
Title Peranan ibu bapa, penjaga dan guru
264 #1 - PRODUCTION, PUBLICATION, DISTRIBUTION, MANUFACTURE, AND COPYRIGHT NOTICE
Place of production, publication, distribution, manufacture Kluang, Johor :
Name of producer, publisher, distributor, manufacturer Penerbitan PHD ,
Date of production, publication, distribution, manufacture, or copyright notice 2007
300 ## - PHYSICAL DESCRIPTION
Extent 16 pages :
Other physical details colour illustrations ;
Dimensions 30 cm
336 ## - CONTENT TYPE
Source rdacontent
Content type term text
337 ## - MEDIA TYPE
Source rdamedia
Media type term unmediated
338 ## - CARRIER TYPE
Source rdacarrier
Carrier type term volume
490 1# - SERIES STATEMENT
Series statement Siri panduan keselamatan jalan raya
500 ## - GENERAL NOTE
General note Buku 2
650 10 - SUBJECT ADDED ENTRY--TOPICAL TERM
Topical term or geographic name entry element Children's stories, Malay.
830 #0 - SERIES ADDED ENTRY--UNIFORM TITLE
Uniform title Siri panduan keselamatan jalan raya
942 ## - ADDED ENTRY ELEMENTS (KOHA)
-- dc
Koha item type Book
Holdings
Withdrawn Not for loan Current library Shelving location Date acquired Full call number Barcode Date last seen Koha item type Total Checkouts Total Renewals Date last checked out
    Perpustakaan Alor Setar Pinjaman Kanak-kanak 17/09/2007 K 899.233 RAM A01199387 09/05/2018 Book      
    Perpustakaan Awam Sungai Petani Pinjaman Kanak-kanak 17/09/2007 K 899.233 RAM A01199388 09/05/2018 Book      
    Perpustakaan Baling Pinjaman Kanak-kanak 17/09/2007 K 899.233 RAM A01199394 09/05/2018 Book      
    Perpustakaan Bandar Baharu Pinjaman Kanak-kanak 17/09/2007 K 899.233 RAM A01199395 09/05/2018 Book      
    Perpustakaan Jitra Pinjaman Kanak-kanak 17/09/2007 K 899.233 RAM A01199389 09/05/2018 Book      
    Perpustakaan Kulim Pinjaman Kanak-kanak 17/09/2007 K 899.233 RAM A01199391 12/04/2025 Book 4 1 29/03/2025
    Perpustakaan Langkawi Pinjaman Kanak-kanak 17/09/2007 K 899.233 RAM A01199390 09/05/2018 Book      
    Perpustakaan Merbok Pinjaman Kanak-kanak 17/12/2007 K 899.233 RAM A01212793 13/07/2022 Book 4 2 20/06/2022
    Bergerak 4, Sungai Petani Pinjaman Kanak-kanak 07/01/2008 K 899.233 RAM A01215869 09/05/2018 Book      
    PD01, Kg. Bendang Raja, Kuala Nerang Pinjaman Kanak-kanak 07/01/2008 K 899.233 RAM A01215830 09/05/2018 Book      
    PD03, Kg. Pulau Pisang, Jitra Pinjaman Kanak-kanak 07/01/2008 K 899.233 RAM A01215832 09/05/2018 Book      
    PD04, Kg. Bukit Nambua, Kuala Nerang Pinjaman Kanak-kanak 07/01/2008 K 899.233 RAM A01215833 09/05/2018 Book      
    PD07, Kg. Jelutong, Sik Pinjaman Kanak-kanak 07/01/2008 K 899.233 RAM A01215836 09/05/2018 Book      
    PD16, Kg. Jelai, Pendang Pinjaman Kanak-kanak 07/01/2008 K 899.233 RAM A01215845 09/05/2018 Book      
    PD17, Kg. Binjul, Kuala Ketil Pinjaman Kanak-kanak 07/01/2008 K 899.233 RAM A01215846 09/05/2018 Book      
    PD19, KEDA Bendang Perang, Kota Setar Pinjaman Kanak-kanak 07/01/2008 K 899.233 RAM A01215848 09/05/2018 Book      
    PD24, Felda Bukit Tangga, Bukit Kayu Hitam Pinjaman Kanak-kanak 07/01/2008 K 899.233 RAM A01215853 09/05/2018 Book      
    PD27, Kg. Bendang Bukit, Pendang Pinjaman Kanak-kanak 07/01/2008 K 899.233 RAM A01215856 09/05/2018 Book      
    PD29, Kg. Gajah Putih, Sik Pinjaman Kanak-kanak 07/01/2008 K 899.233 RAM A01215858 09/05/2018 Book      
    PD30, Bandar Baru Beris Jaya, Sik Pinjaman Kanak-kanak 07/01/2008 K 899.233 RAM A01215859 09/05/2018 Book      
    PD35, Kg. Sungai Daun, Yan Pinjaman Kanak-kanak 17/09/2007 K 899.233 RAM A01199398 09/05/2018 Book      
    PD35, Kg. Sungai Daun, Yan Pinjaman Kanak-kanak 07/01/2008 K 899.233 RAM A01215860 09/05/2018 Book      
    PD37, Kg. Belat, Pendang Pinjaman Kanak-kanak 17/09/2007 K 899.233 RAM A01199400 09/05/2018 Book      
    PD39, Felda Bukit Tembaga, Kuala Nerang Pinjaman Kanak-kanak 17/09/2007 K 899.233 RAM A01199403 09/05/2018 Book      
    PD39, Felda Bukit Tembaga, Kuala Nerang Pinjaman Kanak-kanak 07/01/2008 K 899.233 RAM A01215865 09/05/2018 Book